000
00321nam a22001457a 4500
020
_a
978-81-934226-0-1
041
_a
ENG
100
_a
Shankar
245
_a
Environment
250
_a
6th
260
_a
Tamil.Nadu
_b
Shankar ias Academy Book PUB
_c
2018
300
_a
363
650
_a
UPSC
856
_u
Competitive Exam
999
_c
154
_d
154